| 000 | 00794nas a2200253 4500 | ||
|---|---|---|---|
| 001 | BR2016004474 | ||
| 003 | BR-BrBNA | ||
| 005 | 20231205130659.0 | ||
| 007 | ta | ||
| 008 | 230509b bl.|||p| |||| 00| 00por d | ||
| 040 |
_aBR-BrBNA _bpor _cBiblioteca Nacional de Agricultura |
||
| 041 | _a(Pt) | ||
| 072 | _aL02 | ||
| 100 | 1 | _aRech, A.F. | |
| 245 | 1 | _aImportância dos minerais para bovinos de corte criados à base de pasto no Planalto Sul Catarinense | |
| 650 | _aGADO DE CORTE | ||
| 650 | _aPASTAGEM | ||
| 650 | _aDIETA | ||
| 650 | _aSUPLEMENTO MINERAL | ||
| 650 | _aDEFICIÊNCIA NUTRICIONAL | ||
| 773 | 0 |
_tAgropecuária Catarinense (Brazil) _xISSN 0103-0779 _g(May-Aug 2016), v. 29(2) p. 34-37 _wBR2016004474 |
|
| 909 |
_a202311 _bLúcia _c55 _dLúcia Elande |
||
| 942 |
_2AGRIS _n0 _cANA |
||
| 999 |
_c250681 _d250681 |
||